Die Kunst des 20. Jahrhunderts 1880-1940
| Hlavní autor: | Argan, Giulio Carlo, 1909-1992 |
|---|---|
| Jazyk: | Čeština |
| Vydáno: |
Berlin, 1977 |
| LEADER | 00500nam a22001692a 4500 | ||
|---|---|---|---|
| 001 | 000082076 | ||
| 003 | CZ BrMZK | ||
| 005 | 20040803145357.0 | ||
| 007 | ta | ||
| 008 | 950101s1977 gw f cze d | ||
| 040 | |a BOA001 |b cze | ||
| 100 | 1 | |a Argan, Giulio Carlo, |d 1909-1992 |7 jn20010601089 | |
| 245 | 1 | 4 | |a Die Kunst des 20. Jahrhunderts 1880-1940 |
| 260 | |a Berlin, |c 1977 | ||
| 910 | |a BOA001 |b 4-0783.529 | ||
| 990 | |a BK | ||
| 996 | 6 | |b 2619981398 |c 4-0783.529 |l MZK |r HSS 4p |n 0 |h 7 PRO |w 000082076 |u 000010 |a 0 |e BOA001 |j MZK50 |s P | |
English
Čeština 